书目信息 |
| 书名: | Handbook of Physical Properties of Rocks | |
| 作者: | Robert S.Carmichael. | |
| 分册号: | ||
| 分册名: | 出版地: | FLORIDA : |
|
| 出版社: | CRC Press,Inc | |
| 出版时间: | 1982. | |
| 页数: | 345 p. ; | |
| 开本: | 26cm. | |
| 丛书名: | ||
| 中图分类号: | ||
| 科图分类号: | ||
| 其他分类号: | P584-62 | |
| 主题词: | ||
| 电子资源: | ||
| 000 | 00455nam 2200157 a 4500 | |
| 001 | E0754721406 | |
| 005 | 20070509151514.82 | |
| 008 | 070509s1982 00010 eng | |
| 020 | @a0-8493-0226-9. | |
| 040 | @aPFT@beng | |
| 090 | @aP584-62 | |
| 099 | @dP584-62@ex3:2 | |
| 242 | @a岩石物理性质手册@n第2卷 | |
| 245 | 1 | @aHandbook of Physical Properties of Rocks.@nVol.2 / @cRobert S.Carmichael. |
| 260 | @aFLORIDA :@bCRC Press,Inc.,@c1982. | |
| 300 | @a345 p. ;@c26cm. | |
| Handbook of Physical Properties of Rocks.. Vol.2 / / Robert S.Carmichael.-FLORIDA : : CRC Press,Inc., , 1982. |
| 345 p. ; ; 26cm. |
| ISBN 0-8493-0226-9. |
| ● |
| 相关链接 |
|
|
|
|
正题名:Handbook of Physical Properties of Rocks
索取号:P584-62/x3:2
 
预约/预借
| 序号 | 登录号 | 条形码 | 馆藏地/架位号 | 状态 | 备注 |
| 1 | 182034 | 000634013 | 第二样本阅览室/ [索取号:P584-62/x3:2] | 在馆 |